00764cam a2200217 a 450000100100000000500170001000800410002702000150006804000250008308200180010810000310012624501390015726000320029630000330032849000290036165000240039065000260041470000340044070000410047483000310051500000309320200929150328.0730111s1998 sp a 001 p spa  a843761631X aDO-SdBNPbspacBNPHU a861.64bC289d1 aCarnero, Guillermo,d1947-10aDibujo de la muerte :bobra poética /cGuillermo Carnero ; edición de Ignacio Javier López ; ilustración de Antonio de Pereda. aMadrid :bCátedra,c1998. a322, [3] p. :bil. ;c18 cm.1 aLetras hispánicasv444 4aPoesía española 4aLiteratura española1 aLópez, Ignacio Javier,eed.1 aPereda, antonio de,d1611-1678,eil. 0aLetras hispánicas ;v444